00819nam a2200193Ia 450000500170000000800410001702000150005805000220007310000400009524500610013525000180019626000340021430000240024850400420027250502060031465000380052065000220055870000450058020231102151239.0120720t1997 mx 000 0 spa d a9700710084 aKGF3068bG66 1997 aGonález de la Vega, Renéeautor aDerecho Penal Electoralc / René González de la Vega a4a. edición aMéxicob : Porrúac, 1991 axiii, 397 páginas aBibliografía básica (pp. 391-393) aConceptos fundamentales Antecedentes legislativos Los derechos humanos El código federal de instituciones y procedimientos electorales El derecho penal electoral Los delitos electorales en particular14aELECCIONESxPRÁCTICAS CORRUPTAS24aDERECHO ELECTORAL aBarquín Álvarez, Manueleprologuista